| 000 -CABECERA |
| fixed length control field |
02064nam a22003497a 4500 |
| 003 - IDENTIFICADOR DEL NÚMERO DE CONTROL |
| control field |
AR-CdUCM |
| 008 - DATOS DE LONGITUD FIJA--INFORMACIÓN GENERAL |
| fixed length control field |
251216b2025 pe ||||| |||| 00| 0 esp d |
| 040 ## - FUENTE DE LA CATALOGACIÓN |
| Agencia/entidad que catalogó originalmente la obra |
MUNICIPALIDAD PROVINCIAL DEL CUSCO |
| Entidad que transcribió la catalogación |
BIBLIOTECA MUNICIPAL DEL CUSCO |
| 082 ## - NÚMERO DE LA CLASIFICACIÓN DECIMAL DEWEY |
| No. de Clasificación |
390.1 / |
| Notacion interna |
C66 |
| 100 ## - ENTRADA PRINCIPAL--NOMBRE DE PERSONA |
| Nombre Personal |
Díaz Jurado, José Mauricio. |
| 110 ## - ENTRADA PRINCIPAL--NOMBRE DE ENTIDAD CORPORATIVA |
| Nombre de la institución, jurisdicción como entrada principal |
Produce Ministerio de la Producción. |
| 9 (RLIN) |
51692 |
| 245 ## - MENCIÓN DE TÍTULO |
| Título |
CITE / |
| Resto del título |
textil camélidos Cusco. |
| 260 ## - PUBLICACIÓN, DISTRIBUCIÓN, ETC. |
| Lugar de publicación, distribución, etc. |
Cusco |
| Nombre de la editorial, distribuidor, etc. |
Ministerio de la Producción. |
| Fecha de publicación, distribución, etc. |
2025 |
| 300 ## - DESCRIPCIÓN FÍSICA |
| Nº de Páginas Extensión |
166 páginas. : |
| Dimensiones |
21 x 30 cm. |
| 505 ## - NOTA DE CONTENIDO CON FORMATO |
| Nota de contenido formateada |
El papel de los camélidos -- Hilos de origen que narran nuestra historia -- Nuestra razón de ser -- Así transformamos el sector textil -- Nuestros logros en acción -- Colecciones -- " Qérocha " -- " Willka " Chinchero -- Innovación y tecnología con propósito -- Revolucionando la producción -- De la teoría a la práctica -- Tradición y tecnología en colaboración -- Diagnóstico de competitividad -- Certificación que transforma vidas -- Proyectos que impulsan el futuro -- Un hito en la innovación -- Concurso Postdoctoral -- Alianzas estratégicas que fortalecen -- World Visión -- UNSAAC - Paqarina Wasi -- Instituto Khipu -- Centro Artesanal -- Cámara de Comercio -- Instituto Nacional Penitenciario -- Proyectando nuestra esencia al mundo -- Logros que tejen nuestra historia... |
| 650 ## - PUNTO DE ACCESO ADICIONAL DE MATERIA--TÉRMINO DE MATERIA |
| Descriptor |
Los camélidos pilares del imperio Inca |
| 9 (RLIN) |
51693 |
| 650 ## - PUNTO DE ACCESO ADICIONAL DE MATERIA--TÉRMINO DE MATERIA |
| Descriptor |
El alpaca arte de la textilería |
| 9 (RLIN) |
51694 |
| 650 ## - PUNTO DE ACCESO ADICIONAL DE MATERIA--TÉRMINO DE MATERIA |
| Descriptor |
La llama transporte y sostenibilidad |
| 9 (RLIN) |
51695 |
| 650 ## - PUNTO DE ACCESO ADICIONAL DE MATERIA--TÉRMINO DE MATERIA |
| Descriptor |
Legado y continuidad |
| 9 (RLIN) |
51696 |
| 650 ## - PUNTO DE ACCESO ADICIONAL DE MATERIA--TÉRMINO DE MATERIA |
| Descriptor |
Soporte productivo |
| 9 (RLIN) |
51697 |
| 650 ## - PUNTO DE ACCESO ADICIONAL DE MATERIA--TÉRMINO DE MATERIA |
| Descriptor |
Articulación y vinculación comercial |
| 9 (RLIN) |
51698 |
| 650 ## - PUNTO DE ACCESO ADICIONAL DE MATERIA--TÉRMINO DE MATERIA |
| Descriptor |
Innovación teñido natural |
| 9 (RLIN) |
51699 |
| 650 ## - PUNTO DE ACCESO ADICIONAL DE MATERIA--TÉRMINO DE MATERIA |
| Descriptor |
Expandiendo el impacto |
| 9 (RLIN) |
51700 |
| 650 ## - PUNTO DE ACCESO ADICIONAL DE MATERIA--TÉRMINO DE MATERIA |
| Descriptor |
Capacitación integral |
| 9 (RLIN) |
51701 |
| 650 ## - PUNTO DE ACCESO ADICIONAL DE MATERIA--TÉRMINO DE MATERIA |
| Descriptor |
Presencia comercial |
| 9 (RLIN) |
51702 |
| 650 ## - PUNTO DE ACCESO ADICIONAL DE MATERIA--TÉRMINO DE MATERIA |
| Descriptor |
Demostraciones Tecnológicas |
| 9 (RLIN) |
51703 |
| 710 ## - PUNTO DE ACCESO ADICIONAL--NOMBRE DE ENTIDAD CORPORATIVA |
| Nombre corporativo (En letras Mayúsculas) |
Ministerio de la Producción. |
| 9 (RLIN) |
51704 |
| 856 ## - LOCALIZACIÓN Y ACCESO ELECTRÓNICOS |
| Dirección electrónica |
www.gob.pe/itp |
| 942 ## - ELEMENTOS DE PUNTO DE ACCESO ADICIONAL (KOHA) |
| Fuente de clasificación |
|
| Tipo de item |
Libros-BMC |
| 945 ## - PROCESAMIENTO DE INFORMACIÓN LOCAL (OCLC) |
| Catalogador |
jmcs |
| AAAA-MM-DD - Fecha de ingreso o modificacion |
16/12/2025 |